000
00301nam a22001217a 4500
008
180522b xxu||||| |||| 00| 0 eng d
041
_a
eng
080
_a
043.3
100
_a
0
101
_a
MBE-BA
245
_a
Rendesia e Auditimit te Brendshem per perfitim te Bizneseve
_c
Gorda, E
942
_2
udc
_c
BK
999
_c
46198
_d
46198